Central Library OPAC University of Rajshahi

نقد ریزے ;; Naqd reze : (Record no. 84901)

MARC details
000 -LEADER
fixed length control field 00764cam a2200241 i 4500
001 - CONTROL NUMBER
control field 84901
003 - CONTROL NUMBER IDENTIFIER
rucl marc code BD-RjUL
005 - DATE AND TIME OF LATEST TRANSACTION
control field 20250507105539.0
008 - FIXED-LENGTH DATA ELEMENTS--GENERAL INFORMATION
fixed length control field 250507s1978 ii 000 0 urdo
020 ## - INTERNATIONAL STANDARD BOOK NUMBER
Terms of availability Rs16.00
035 ## - SYSTEM CONTROL NUMBER
System control number (BD-RjUL) 84901
040 ## - CATALOGING SOURCE
Original cataloging agency DLC
Transcribing agency DLC
Modifying agency DLC
Language of cataloging eng
041 ## - LANGUAGE CODE
Language code of text/sound track or separate title urd
082 ## - DEWEY DECIMAL CLASSIFICATION NUMBER
Edition number 23
Classification number 891.43909
Author mark and year HAN 1978
100 1# - MAIN ENTRY--PERSONAL NAME
Personal name Ḥanfī, Muẓaffar,
Dates associated with a name 1936-
9 (RLIN) 15419
245 10 - TITLE STATEMENT
Title نقد ریزے ;; Naqd reze :
Remainder of title (tanqīdī maz̤āmīn ) /
Statement of responsibility, etc. مظفر حنفی ;; Muẓaffar Ḥanafī.
250 ## - EDITION STATEMENT
Edition statement 1. aiḍīshan.
260 ## - PUBLICATION, DISTRIBUTION, ETC. (IMPRINT)
Place of publication, distribution, etc. [Dihlī] :
Name of publisher, distributor, etc. Ḥanafī : taqsīmkār Bazm-i K̲h̲iz̤r-i Rāh,
Date of publication, distribution, etc. 1978.
300 ## - PHYSICAL DESCRIPTION
Pagination 205 p. ;
Size 22 cm.
500 ## - GENERAL NOTE
General note In Urdu.
650 #0 - SUBJECT ADDED ENTRY--TOPICAL TERM
Topical term or geographic name as entry element Urdu literature
General subdivision History and criticism.
9 (RLIN) 3777
942 ## - ADDED ENTRY ELEMENTS (KOHA)
Source of classification or shelving scheme Dewey Decimal Classification
Koha item type Books
Holdings
Lost status Source of classification or shelving scheme Damaged status Not for loan Collection code Permanent Location Current Location Shelving location Date acquired Source of acquisition Cost, normal purchase price Total Checkouts Full call number Date last seen Copy number Koha item type
  Dewey Decimal Classification   Not For Loan Non-fiction Central Library, University of Rajshahi Central Library, University of Rajshahi Reading Room 22/12/1963 Asiatic book agency Calcatta 16.00   U 891.43909 HAN 1978 07/05/2025 C-1 Books